000
00311nam a2200121Ia 4500
008
190216s9999||||xx |||||||||||||| ||und||
100
_a
Manas Chanda
245
0
_a
Atomic Structure And Chemical Bond
260
_b
Tata Mcgrawhill Publishers
_c
1970
300
_a
415p
650
_a
Chemistry-Chemistry
942
_c
BK
999
_c
2214
_d
2214